00523 2200169 4500001002100000005001700021035002500038090001400063245012700077250001100204260003600215300003800251650001400289700002100303850001200324990001700336YOGYA00000000003869020150331100314.0 a0010-081400000038408 a332.6 Inv aINVESTASI SyariahbImplementasi konsep pada kenyataan empirikcTim penulis Mochammad Nadjib...[et al] ; editor, Jusmaliani aCet. 1 aYogyakartabKreasi Wacanac2008 axvii, 346 hlm. :bilus. ;c21 cm. aInvestasi aNajib, Mokhammad aYOPDYOG a2685-PD/P.08